000 00359nam a2200133Ia 4500
008 151001s9999||||xx |||||||||||||| ||und||
100 _aनानी पालखीवाला
245 _aआज का भारत
250 _a1
260 _bराजपाल अंड सन्स
260 _c2008
300 _a207
365 _b21
999 _c991010
_d991007